[Event "Hastings Masters op"]
[Site "Hastings"]
[Date "2023.12.30"]
[Round "3"]
[White "Park, Inchan"]
[Black "Batchelor, Paul A"]
[Result "1/2-1/2"]
[WhiteElo "1768"]
[BlackElo "1937"]
[PlyCount "129"]
[EventDate "2023.12.28"]
[EventType "swiss"]
[EventRounds "9"]
[EventCountry "ENG"]
[SourceTitle "CB02_2024"]
[SourceDate "2024.01.10"]
[SourceVersion "1"]
[SourceVersionDate "2024.01.10"]
[SourceQuality "1"]

1. d4 Nf6 2. Nf3 g6 3. g3 Bg7 4. Bg2 0-0 5. 0-0 d6 6. b3 c5 7. Bb2 cxd4 8. Nxd4 a6 9. c4 Qc7 10. Nc3 Nbd7 11. Rc1 Nb6 12. h3 Bd7 13. Qd2 Rac8 14. Rfd1 Rfd8 15. a4 Qb8 16. e4 h5 17. f4 Kh7 18. Rf1 Rf8 19. Rce1 e5 20. Nf3 exf4 21. Qxf4 Be6 22. Qh4 Rce8 23. Ng5+ Kg8 24. Nd5 Nfxd5 25. Bxg7 Kxg7 26. cxd5 Bd7 27. g4 f6 28. Nf3 hxg4 29. hxg4 Rh8 30. Qg3 Qa7 31. Rf2 Nc8 32. Qf4 Ref8 33. g5 Qb6 34. gxf6+ Rxf6 35. Qg5 Rhf8 36. Ref1 Qc5 37. Nh4 Ne7 38. Bf3 Qd4 39. Rd1 Qe5 40. Qxe5 dxe5 41. Rc2 Rf4 42. Rc7 Rd8 43. Rxb7 Rxh4 44. Rc1 Ng8 45. Rcc7 Nf6 46. Ra7 Rf4 47. Bg2 Kf8 48. Rxa6 Ke8 49. Rc4 Rb8 50. b4 Nxd5 51. b5 Ne3 52. Rb4 Ke7 53. Rxg6 Rf6 54. Rg3 Nc2 55. Rb2 Nd4 56. Bh3 Be8 57. Rc3 Bg6 58. Rc7+ Ke8 59. a5 Rxb5 60. Rxb5 Nxb5 61. Rc5 Nd4 62. Rxe5+ Kf8 63. Kg2 Nb3 64. Bc8 Nxa5 65. Rxa5 1/2-1/2